000 00648nam a22002417a 4500
008 240619b mp ||||| |||| 00| 0 mon d
020 _a978-99973-1-260-0
035 _a24101
040 _aUV1862160
_bmon
_cMN-UlNLM
_dMN-UlNLM
_erda
041 _amon
042 _a53814
082 _210-t
_a741.6
_bХ.118
100 _aТөрмөнх Б.
245 0 _aХавар
264 _aУБ
_bМонсудар ХГ
_c2015
300 _aх.
336 _2rdacontent
_atext
_btxt
337 _2rdamedia
_aunmediated
_bn
338 _2rdacarrier
_avolume
_bnc
650 _aЗУРАГТ НОМ
942 _210-t
_cBK
999 _c925195
_d925252